ARRUPE JESUIT UNIVERSITY

CORONAVIRUS -STOP THE SPREAD - CLEAN,DISINFECT,COVER

The concept of deity; (Record no. 121057)

MARC details
000 -LEADER
fixed length control field 00895cam a22002651 4500
001 - CONTROL NUMBER
control field 8836168
003 - CONTROL NUMBER IDENTIFIER
control field ARRUPE
005 - DATE AND TIME OF LATEST TRANSACTION
control field 20141002160609.0
008 - FIXED-LENGTH DATA ELEMENTS--GENERAL INFORMATION
fixed length control field 751208s1950 enk b 000 0 eng
010 ## - LIBRARY OF CONGRESS CONTROL NUMBER
LC control number a 51001306
035 ## - SYSTEM CONTROL NUMBER
System control number (OCoLC)1881506
040 ## - CATALOGING SOURCE
Original cataloging agency DLC
Transcribing agency FMU
Modifying agency DLC
042 ## - AUTHENTICATION CODE
Authentication code premarc
050 00 - LIBRARY OF CONGRESS CALL NUMBER
Classification number BL205
Item number .J3
300 ## - PHYSICAL DESCRIPTION
Dimensions 24 cm.
100 1# - MAIN ENTRY--PERSONAL NAME
Personal name James, E. O.
Fuller form of name (Edwin Oliver),
Dates associated with a name 1888-1972.
9 (RLIN) 11998
245 14 - TITLE STATEMENT
Title The concept of deity;
Remainder of title a comparative and historical study.
260 ## - PUBLICATION, DISTRIBUTION, ETC. (IMPRINT)
Place of publication, distribution, etc London,
-- New York,
Name of publisher, distributor, etc Hutchinson's University Library,
Date of publication, distribution, etc 1950.
300 ## - PHYSICAL DESCRIPTION
Extent 200 p.
490 1# - SERIES STATEMENT
Series statement Wilde lectures in natural and comparative religion in the University of Oxford
504 ## - BIBLIOGRAPHY, ETC. NOTE
Bibliography, etc Bibliographical footnotes.
650 #0 - SUBJECT ADDED ENTRY--TOPICAL TERM
Topical term or geographic name as entry element God.
9 (RLIN) 11999
830 #0 - SERIES ADDED ENTRY--UNIFORM TITLE
Uniform title Wilde lectures in natural and comparative religion.
9 (RLIN) 12000
906 ## - LOCAL DATA ELEMENT F, LDF (RLIN)
a 7
b cbc
c oclcrpl
d u
e ncip
f 19
g y-gencatlg
942 ## - ADDED ENTRY ELEMENTS (KOHA)
Source of classification or shelving scheme Library of Congress Classification
Koha item type Monograph ( Printed materials)
Holdings
Withdrawn status Lost status Source of classification or shelving scheme Damaged status Not for loan Collection code Home library Current library Shelving location Date acquired Total Checkouts Full call number Barcode Date last seen Price effective from Koha item type
    Library of Congress Classification     Main Collection ARRUPE LIBRARY ARRUPE LIBRARY Main Collection 02/10/2014   BL205 .J3 46500003835 26/10/2016 02/10/2014 Monograph ( Printed materials)

 

Arrupe Library. PO Box MP320 Mt Pleasant, Harare, Zimbabwe
263 242 745411|librarian@aju.ac.zw